000 00322nam a2200133 i 4500
001 bg
100 1 _aWYSOCKI, A.
245 0 _aCele i zadania polityki informacyjnej w zarysie /
_cA. Wysocki.
260 _aWarszawa,
_c1985.
040 _cBPK
041 _apol
942 _cKS
008 s pl f |000 0 pol
999 _c28407
_d28407
856 _uhttp://koha.tu.koszalin.pl/cgi-bin/koha/opac-detail.pl?biblionumber=28407
_yKatalog online BPK